000 00257nam a2200109Ia 4500
008 190216s9999||||xx |||||||||||||| ||und||
100 _aKarmanov. V.G
245 0 _aMathematical Programming
260 _bMir Publishers
650 _aMathematics
942 _cBK
999 _c31037
_d31037